[Event "Pan American-ch U20 Girls"]
[Site "Cochabamba"]
[Date "2019.08.02"]
[Round "3"]
[White "Montiel Caceres, Helen"]
[Black "Chavez, Perla"]
[Result "1-0"]
[WhiteElo "1514"]
[BlackElo "1571"]
[PlyCount "50"]
[EventDate "2019.08.01"]
[EventType "swiss"]
[EventRounds "9"]
[EventCountry "BOL"]
[SourceTitle "EXT 2020"]
[Source "ChessBase"]
[SourceDate "2019.10.17"]
[SourceVersion "1"]
[SourceVersionDate "2019.10.17"]
[SourceQuality "1"]

1. d4 Nf6 2. c4 g6 3. Nc3 Bg7 4. h3 d6 5. Bf4 0-0 6. Nf3 e6 7. e3 Nc6 8. Be2 Nd7 9. 0-0 e5 10. Bh2 f5 11. a3 a5 12. Rc1 Kh8 13. d5 Ne7 14. Ng5 Nc5 15. b4 axb4 16. axb4 Na6 17. Qb3 Nxd5 18. cxd5 Qxg5 19. Bxa6 bxa6 20. f4 Qe7 21. Ne2 Bb7 22. Rc2 Rfc8 23. Rfc1 Qf7 24. Rd2 exf4 25. Nxf4 Bxd5 1-0

[Event "Wch U16 Girls"]
[Site "Montevideo"]
[Date "2017.09.24"]
[Round "9"]
[White "Pandey, Ritika"]
[Black "Chavez, Perla"]
[Result "0-1"]
[WhiteElo "1652"]
[BlackElo "1518"]
[PlyCount "130"]
[EventDate "2017.09.17"]
[EventType "swiss"]
[EventRounds "11"]
[EventCountry "URU"]
[SourceTitle "CBM 180 Extra"]
[Source "ChessBase"]
[SourceDate "2017.10.06"]
[SourceVersion "1"]
[SourceVersionDate "2017.10.06"]
[SourceQuality "1"]

1. e4 e5 2. Nf3 Nc6 3. Bb5 Nge7 4. Nc3 a6 5. Bc4 h6 6. d4 Ng6 7. Be3 d6 8. Qd2 Be7 9. 0-0-0 Na5 10. Be2 Be6 11. h3 Nc4 12. Bxc4 Bxc4 13. g4 Nh4 14. Nxh4 Bxh4 15. f4 Bf6 16. Nd5 Bxd5 17. exd5 exf4 18. Bxf4 Bg5 19. Rde1+ Kd7 20. Rhf1 Rc8 21. Kb1 Bxf4 22. Qd3 Qg5 23. h4 Qxg4 24. Rg1 Qh5 25. Qe4 Rce8 26. Qxf4 Rxe1+ 27. Rxe1 Re8 28. Rg1 Qxd5 29. c3 Qe4+ 30. Qxe4 Rxe4 31. Rxg7 Ke7 32. Rg8 Rxh4 33. Rb8 b6 34. Rc8 Kd7 35. Rf8 Rf4 36. Rh8 Rf6 37. Rh7 Ke6 38. Kc2 Rf2+ 39. Kb3 Rh2 40. d5+ Ke7 41. a4 h5 42. a5 bxa5 43. Ka4 Rxb2 44. Rxh5 Re2 45. c4 Re4 46. Kb3 a4+ 47. Kb4 a3 48. Rh1 a2 49. Kc3 Kf6 50. Kd3 Rf4 51. Ra1 Rf2 52. Ke3 Rg2 53. Kd3 Kg5 54. c5 dxc5 55. Kc4 Rc2+ 56. Kd3 Rb2 57. Kc3 Rg2 58. Kc4 f5 59. Kxc5 Rd2 60. Kc6 f4 61. Kxc7 Rxd5 62. Rxa2 a5 63. Kc6 Rf5 64. Rg2+ Kh4 65. Rg8 f3 0-1

[Event "Wch U16 Girls"]
[Site "Montevideo"]
[Date "2017.09.22"]
[Round "7"]
[White "Chavez, Perla"]
[Black "Lemus Pena, Macarena"]
[Result "0-1"]
[WhiteElo "1518"]
[BlackElo "1805"]
[PlyCount "70"]
[EventDate "2017.09.17"]
[EventType "swiss"]
[EventRounds "11"]
[EventCountry "URU"]
[SourceTitle "CBM 180 Extra"]
[Source "ChessBase"]
[SourceDate "2017.10.06"]
[SourceVersion "1"]
[SourceVersionDate "2017.10.06"]
[SourceQuality "1"]

1. e4 c5 2. Nf3 d6 3. Bc4 Nc6 4. d4 cxd4 5. Nxd4 Nf6 6. Nc3 g6 7. f3 Bg7 8. Be3 Qc7 9. a3 a6 10. Qd2 0-0 11. g4 Nxd4 12. Qxd4 Nxg4 13. Nd5 Bxd4 14. Nxc7 Nxe3 15. Nxa8 Nxc4 16. c3 Be5 17. Nc7 e6 18. Rb1 Bd7 19. Ke2 Rc8 20. Nxa6 bxa6 21. h4 Rb8 22. h5 Rxb2+ 23. Rxb2 Nxb2 24. h6 Bb5+ 25. Kf2 Bf4 26. Rb1 Nd3+ 27. Kg2 Bxh6 28. a4 Bxa4 29. Rb6 Bf4 30. Rxa6 Nc5 31. Rb6 Kg7 32. Rb1 Nb3 33. Rb2 Be5 34. Ra2 Nc5 35. Ra3 Bb3 0-1

[Event "Wch U16 Girls"]
[Site "Montevideo"]
[Date "2017.09.18"]
[Round "2"]
[White "Chavez, Perla"]
[Black "Malan, Lucia"]
[Result "1-0"]
[WhiteElo "1518"]
[BlackElo "1774"]
[PlyCount "129"]
[EventDate "2017.09.17"]
[EventType "swiss"]
[EventRounds "11"]
[EventCountry "URU"]
[SourceTitle "CBM 180 Extra"]
[Source "ChessBase"]
[SourceDate "2017.10.06"]
[SourceVersion "1"]
[SourceVersionDate "2017.10.06"]
[SourceQuality "1"]

1. e4 c5 2. Nf3 d6 3. Bc4 Nf6 4. d3 Nc6 5. c3 Bg4 6. Nbd2 e6 7. h3 Bh5 8. Nf1 Ne5 9. Bb5+ Nfd7 10. g4 Nxf3+ 11. Qxf3 Bg6 12. h4 h5 13. Ng3 hxg4 14. Qxg4 a6 15. Bg5 Qc7 16. Bxd7+ Qxd7 17. f4 f5 18. exf5 Bxf5 19. Nxf5 exf5 20. Qe2+ Kf7 21. 0-0-0 Re8 22. Qg2 d5 23. Rhe1 Re6 24. Re5 Rxe5 25. fxe5 g6 26. Re1 Qe6 27. Bf6 Bh6+ 28. Kb1 Bg7 29. Rg1 Rh6 30. h5 Bxf6 31. hxg6+ Kg7 32. exf6+ Qxf6 33. Qxd5 Rxg6 34. Qxb7+ Qf7 35. Rxg6+ Kxg6 36. Qxa6+ Kg5 37. Qc6 Qe7 38. Qg2+ Kf4 39. Kc2 Qa7 40. a3 Qa4+ 41. Kc1 Qb5 42. Qd2+ Kg4 43. Qe2+ Kg3 44. c4 Qa5 45. Qe3+ Kg4 46. d4 cxd4 47. Qxd4+ f4 48. c5 Qe1+ 49. Qd1+ Qxd1+ 50. Kxd1 Kg3 51. c6 f3 52. c7 f2 53. c8Q f1Q+ 54. Kc2 Qe2+ 55. Kb3 Qb5+ 56. Ka2 Qd5+ 57. Kb1 Qd3+ 58. Qc2 Qf1+ 59. Ka2 Kf4 60. b3 Ke5 61. Qc5+ Ke4 62. Qc4+ Qxc4 63. bxc4 Kd4 64. Kb3 Kc5 65. a4 1-0